| 000 | 00759nam a2200289ua 4500 | ||
|---|---|---|---|
| 003 | armpcda | ||
| 005 | 20160802125606.0 | ||
| 040 |
_aarmpcda _bspa _carmpcda |
||
| 041 | _aspa | ||
| 100 | 1 | _ade Prada, Miguel | |
| 245 | 1 | 0 |
_aArte y vacío _bsobre la configuración del vacío en el arte y la arquitectura _cMiguel de Prada |
| 260 |
_aBuenos Aires _bNobuko _c2009 |
||
| 020 | _a9789875842212 | ||
| 300 | 0 |
_a116 p. _bil. ; 21 x 15 cm. |
|
| 490 | 0 | _aTextos de arquitectura y diseño | |
| 650 | 4 | _aARTE | |
| 650 | 4 | _aARQUITECTURA | |
| 650 | 4 | _aTEORIA | |
| 650 | 4 | _aVACIO | |
| 650 | 4 | _aESCULTURA | |
| 650 | 4 | _aPINTURA | |
| 650 | 4 | _aCOMPOSICION | |
| 942 |
_cLB _2CDU |
||
| 901 |
_an _bm |
||
| 001 | 001795 | ||
| 008 | 245020s2009 ||||||||||||||000 | spa|| | ||
| 999 |
_c1101 _d1101 |
||